Statistics for Countries that Visit Taiwan the Most

Click here to take the quiz!

General Stats

  • This quiz has been taken 365 times
    (310 since last reset)
  • The average score is 10 of 11

Answer Stats

VisitorsCountry% Correct
2,714,065China
100%
2,167,952Japan
99%
605,054United States
98%
1,242,598South Korea
95%
413,926Thailand
93%
229,960Indonesia
91%
405,396Vietnam
90%
509,519Philippines
87%
537,692Malaysia
86%
460,635Singapore
84%
136,651Canada
76%

Score Distribution

Percentile by Number Answered

Percent of People with Each Score

Your Score History

You have not taken this quiz since the last reset